000 00546nam a2200169 i 4500
001 140898
003 ES-MaACL
005 20230906200157.0
007 t|
008 070918s1984 ch ||||1| eng d
100 1 _aYin, Ching-Yao.
_9117637
245 1 0 _aRed China's relations with the Soviet Union
_b: evolutions and prospects /
_cby Ching-yao Yin.
260 _a[Taipei] :
_bAsian Peoples' Anti-Communist League,
_c1984.
300 _a83 p. ;
_c18 cm.
651 4 _aChina-
_xRelaciones-
_yURSS.
_98061
852 _aES-MaACL
_jL-5995
_bR.106842
999 _c140898
_d140898